La guerra de las falacias: cómo hacer frente a los malos argumentos en la esfera pública
Guardat en:
| Autor principal: | |
|---|---|
| Format: | Llibre |
| Idioma: | espanyol |
| Publicat: |
Montevideo
B de f
2018
|
| Edició: | 1a. ed |
| Col·lecció: | Filosofía, Política y Argumentación, 100
|
| Matèries: | |
| Etiquetes: |
Afegir etiqueta
Sense etiquetes, Sigues el primer a etiquetar aquest registre!
|
MARC
| LEADER | 00000cam a2200000 a 4500 | ||
|---|---|---|---|
| 001 | UCC4747 | ||
| 003 | CL-VaPUC | ||
| 008 | 180824e20180000uy |||||||||||||||||spa|d | ||
| 020 | |a 9789974745506 | ||
| 082 | 0 | 4 | |a 340.1 |b ATI |2 21 |
| 100 | |a Atienza, Manuel |e autor |9 598946 | ||
| 245 | 1 | 3 | |a La guerra de las falacias: cómo hacer frente a los malos argumentos en la esfera pública |
| 250 | |a 1a. ed | ||
| 300 | |a 287 p | ||
| 942 | |c BK | ||
| 945 | |d 20180824 13:39:00 |a dcastane | ||
| 260 | |a Montevideo |b B de f |c 2018 | ||
| 650 | 0 | |a Argumentación jurídica |9 469614 | |
| 650 | 0 | |a Razonamiento |9 256520 | |
| 650 | 0 | |a Filosofía del derecho |9 255050 | |
| 583 | |a last modification |c 20180824 13:39:00 |k Rodrigo Vera | ||
| 490 | 0 | |a Filosofía, Política y Argumentación, 100 | |
| 999 | |c 372165 |d 372163 | ||
| 952 | |0 0 |1 0 |3 erb |4 0 |6 340_100000000000000_ATI_2018 |7 0 |8 A |9 489444 |a BIBDER |b BIBDER |i 5491266 |o 340.1 ATI 2018 |p 5491266 |r 2023-01-25 |w 2019-11-24 |y BK |z Catalogado en:20180824 |k DER | ||